000 01629nam a22002777a 4500
003 OSt
005 20250611155534.0
008 220324s2015 sp ||||er|||| 00| f spa d
020 _a9788427200708 (volumen 1)
020 _a9788427201095 (volumen 2)
020 _a9788427204201 (volumen 3)
040 _aCO-JMCR
_cCO-JMCR
041 1 _aspa
_heng
082 0 4 _aJ-N
_bLORl
100 1 _aLore, Pittacus,
_eautor
_941997
245 1 0 _aLegados de Lorien /
_cPittacus Lore
260 _aBarcelona :
_bRBA,
_c2015.
300 _a3 volúmenes ;
_c23 cm.
505 3 _gv.1.
_tSoy el numero cuatro. --
_gv.2.
_tEl poder de seis. --
_gv.3.
_tEl ascenso de nueve. --
520 0 _aVinimos nueve a la tierra. Tenemos el mismo aspecto que vosotros. Hablamos igual que vosotros. Vivimos entre vosotros. Pero no somos como vosotros. Podemos hacer cosas que sólo podéis imaginar. Tenemos poderes con los que sólo podéis soñar. Somos más fuertes y rápidos que cualquiera de vosotros. Somos los superhéroes a los que admiráis en las películas y los cómics... pero nosotros existimos de verdad. Nuestro plan era crecer, entrenar y fortalecernos para enfrentarnos unidos a ellos. Pero ellos nos encontraron antes y empezaron a cazarnos. Ahora, todos vivimos huyendo, entre las sombras, en lugares donde nadie nos buscaría, mimetizándonos. Hemos vivido entre vosotros sin que lo supierais.
546 _aTraducido del inglés.
650 1 4 _aNovela estadounidense
650 2 4 _aLiteratura estadounidense
_ySiglo xx
_913472
650 2 4 _aVida en otros planetas en la literatura
_vHistorias de aventuras
_941998
942 _2ddc
_cBK
999 _c15849
_d15849